000 00642nam a2200217Ia 4500
005 20230828112602.0
008 131103s9999 xx 000 0 und d
040 _aLoreto College
041 _aEnglish
082 _a915.6
_bFIS
100 _aFisher,W.B.
245 4 _aThe Middle east
_b a physical,social and regional geography
_cW.B.Fisher
250 _a4th ed.,rev.and reset
260 _aLondon
_bMethuen & Co.Ltd.
_c1961
300 _axiii,557 p.
_b ill.,dia.,maps
504 _aIncludes bibliographical references and index
650 _aGeography
651 _aAsia (Middle East ) - Geography
850 _aLCLIB
942 _cBK
999 _c3562
_d54041